| Поле | Название | Значение |
| |
Тип записи |
a |
| |
Библиографический уровень |
c |
| 001 |
Контрольный номер |
RU/SLIB/B/213970775 |
| 005 |
Дата корректировки |
20201206204429.1 |
| 010 |
Индекс ISBN |
__ |
| a |
ISBN |
5-222-03389-9 |
| d |
Цена |
120-00 |
| 101 |
Язык документа |
0_ |
| a |
Язык текста |
rus |
| 200 |
Заглавие и сведения об ответственности |
1_ |
| a |
Заглавие |
Споемте, друзья! |
| e |
Сведения, относящиеся к заглавию |
[песенник] |
| f |
Первые сведения об ответственности |
[сост. Н. Королев] |
| b |
Общее обозначение материала |
Текст |
| 210 |
Выходные данные |
__ |
| a |
Место издания |
Ростов н/Д |
| c |
Издательство |
Феникс |
| d |
Дата издания |
2004 |
| 215 |
Физическое описание |
__ |
| a |
Объем |
313, [1] с. |
| c |
Иллюстрации/тип воспроизводства |
нот. ил. |
| 225 |
Серия |
__ |
| a |
Серия |
О'кей |
| 327 |
Примечание о содержании |
__ |
| a |
Примечание о содержании |
Я ехала домой, душа была полна... / М. Я. Пуаре |
| 330 |
Аннотация |
__ |
| a |
Аннотация |
Жемчужины русского и украинского народного творчества, русского классического и городского романса и шансона. Песни сопровождаются нотами и аккордовыми символами. |
| 606 |
Тематические рубрики |
__ |
| a |
Основная рубрика |
Музыка и зрелищные искусства |
| 606 |
Тематические рубрики |
__ |
| a |
Основная рубрика |
Вокальная музыка |
| 610 |
Ключевые слова |
__ |
| a |
Ключевые слова |
песни; городские романсы; городской шансон; народные песни; романсы; шансон; ноты; аккорды; украинские народные песни; русские народные песни |
| 686 |
Индексы других классификаций |
__ |
| a |
Классификационный индекс |
85.94я438 |
| 701 |
Альтернативная интеллектуальная ответственность |
_1 |
| a |
Фамилия |
Языков |
| b |
Имя |
М. Д. |
| 4 |
Код отношения |
520 |
| 701 |
Альтернативная интеллектуальная ответственность |
_1 |
| a |
Фамилия |
Кржижановский |
| b |
Имя |
Г. М. |
| 4 |
Код отношения |
520 |
| 702 |
Вторичная интеллектуальная ответственность |
_1 |
| a |
Фамилия |
Королев |
| b |
Имя |
Н. |
| 4 |
Код отношения |
Лирик |
| 4 |
Код отношения |
520 |
| 4 |
Код отношения |
220 |
| 702 |
Вторичная интеллектуальная ответственность |
_1 |
| a |
Фамилия |
Пуаре |
| b |
Имя |
М. Я. |
| 4 |
Код отношения |
Лирик |
| 4 |
Код отношения |
520 |
| 702 |
Вторичная интеллектуальная ответственность |
_1 |
| a |
Фамилия |
Апухтин |
| b |
Имя |
А. Н. |
| 4 |
Код отношения |
Лирик |
| 4 |
Код отношения |
520 |
| 702 |
Вторичная интеллектуальная ответственность |
_1 |
| a |
Фамилия |
Зубов |
| b |
Имя |
Н. |
| 4 |
Код отношения |
Лирик |
| 4 |
Код отношения |
520 |
| 702 |
Вторичная интеллектуальная ответственность |
_1 |
| a |
Фамилия |
Щербина |
| b |
Имя |
Н. Ф. |
| 4 |
Код отношения |
Лирик |
| 4 |
Код отношения |
520 |
| 702 |
Вторичная интеллектуальная ответственность |
_1 |
| a |
Фамилия |
Григорьев |
| b |
Имя |
А. А. |
| 4 |
Код отношения |
Лирик |
| 4 |
Код отношения |
520 |
| 702 |
Вторичная интеллектуальная ответственность |
_1 |
| a |
Фамилия |
Рылеев |
| b |
Имя |
К. Ф. |
| 4 |
Код отношения |
Лирик |
| 4 |
Код отношения |
520 |
| 702 |
Вторичная интеллектуальная ответственность |
_1 |
| a |
Фамилия |
Петренко |
| b |
Имя |
М. |
| 4 |
Код отношения |
Лирик |
| 4 |
Код отношения |
520 |
| 702 |
Вторичная интеллектуальная ответственность |
_1 |
| a |
Фамилия |
Парфенов |
| b |
Имя |
П. |
| 4 |
Код отношения |
Лирик |
| 4 |
Код отношения |
520 |
| 702 |
Вторичная интеллектуальная ответственность |
_1 |
| a |
Фамилия |
Репнинский |
| b |
Имя |
Я. |
| 4 |
Код отношения |
Лирик |
| 4 |
Код отношения |
520 |
| 702 |
Вторичная интеллектуальная ответственность |
_1 |
| a |
Фамилия |
Кооль |
| b |
Имя |
Н. |
| 4 |
Код отношения |
Лирик |
| 4 |
Код отношения |
520 |
| 702 |
Вторичная интеллектуальная ответственность |
_1 |
| a |
Фамилия |
Полонский |
| b |
Имя |
Я. |
| 4 |
Код отношения |
Лирик |
| 4 |
Код отношения |
520 |
| 702 |
Вторичная интеллектуальная ответственность |
_1 |
| a |
Фамилия |
Риттер |
| b |
Имя |
Н. |
| 4 |
Код отношения |
Лирик |
| 4 |
Код отношения |
520 |
| 702 |
Вторичная интеллектуальная ответственность |
_1 |
| a |
Фамилия |
Гердель |
| b |
Имя |
С. |
| 4 |
Код отношения |
Лирик |
| 4 |
Код отношения |
520 |
| 702 |
Вторичная интеллектуальная ответственность |
_1 |
| a |
Фамилия |
Фельдман |
| b |
Имя |
Я. |
| 4 |
Код отношения |
Лирик |
| 4 |
Код отношения |
520 |
| 702 |
Вторичная интеллектуальная ответственность |
_1 |
| a |
Фамилия |
Навроцкий |
| b |
Имя |
А. А. |
| 4 |
Код отношения |
Лирик |
| 4 |
Код отношения |
520 |
| 702 |
Вторичная интеллектуальная ответственность |
_1 |
| a |
Фамилия |
Никитин |
| b |
Имя |
И. С. |
| 4 |
Код отношения |
Лирик |
| 4 |
Код отношения |
520 |
| 702 |
Вторичная интеллектуальная ответственность |
_1 |
| a |
Фамилия |
Радин |
| b |
Имя |
Л. П. |
| 4 |
Код отношения |
Лирик |
| 4 |
Код отношения |
520 |
| 702 |
Вторичная интеллектуальная ответственность |
_1 |
| a |
Фамилия |
Шкулев |
| b |
Имя |
Ф. С. |
| 4 |
Код отношения |
Лирик |
| 4 |
Код отношения |
520 |
| 702 |
Вторичная интеллектуальная ответственность |
_1 |
| a |
Фамилия |
Дунаевский |
| b |
Имя |
И. |
| 4 |
Код отношения |
Композитор |
| 4 |
Код отношения |
230 |
| 702 |
Вторичная интеллектуальная ответственность |
_1 |
| a |
Фамилия |
Исаковский |
| b |
Имя |
М. |
| 4 |
Код отношения |
Композитор |
| 4 |
Код отношения |
230 |
| 702 |
Вторичная интеллектуальная ответственность |
_1 |
| a |
Фамилия |
Кольцов |
| b |
Имя |
А. В. |
| 4 |
Код отношения |
Лирик |
| 4 |
Код отношения |
520 |
| 702 |
Вторичная интеллектуальная ответственность |
_1 |
| a |
Фамилия |
Листов |
| b |
Имя |
Н. |
| 4 |
Код отношения |
Лирик |
| 4 |
Код отношения |
520 |
| 702 |
Вторичная интеллектуальная ответственность |
_1 |
| a |
Фамилия |
Френкель |
| b |
Имя |
А. А. |
| 4 |
Код отношения |
Композитор |
| 4 |
Код отношения |
230 |
| 702 |
Вторичная интеллектуальная ответственность |
_1 |
| a |
Фамилия |
Студенская |
| b |
Имя |
Е. М. |
| 4 |
Код отношения |
Лирик |
| 4 |
Код отношения |
520 |
| 702 |
Вторичная интеллектуальная ответственность |
_1 |
| a |
Фамилия |
Давыдов |
| b |
Имя |
Д. |
| 4 |
Код отношения |
Лирик |
| 4 |
Код отношения |
520 |
| 702 |
Вторичная интеллектуальная ответственность |
_1 |
| a |
Фамилия |
Гуэрич |
| b |
Имя |
А. |
| 4 |
Код отношения |
Лирик |
| 4 |
Код отношения |
520 |
| 702 |
Вторичная интеллектуальная ответственность |
_1 |
| a |
Фамилия |
Доронина |
| b |
Имя |
И. |
| 4 |
Код отношения |
Лирик |
| 4 |
Код отношения |
520 |
| 702 |
Вторичная интеллектуальная ответственность |
_1 |
| a |
Фамилия |
Тютчев |
| b |
Имя |
Ф. И. |
| 4 |
Код отношения |
Лирик |
| 4 |
Код отношения |
520 |
| 702 |
Вторичная интеллектуальная ответственность |
_1 |
| a |
Фамилия |
Горохов |
| b |
Имя |
П. Г. |
| 4 |
Код отношения |
Лирик |
| 4 |
Код отношения |
520 |
| 702 |
Вторичная интеллектуальная ответственность |
_1 |
| a |
Фамилия |
Рославлев |
| b |
Имя |
А. С. |
| 4 |
Код отношения |
Лирик |
| 4 |
Код отношения |
520 |
| 702 |
Вторичная интеллектуальная ответственность |
_1 |
| a |
Фамилия |
Толстой |
| b |
Имя |
А. К. |
| 4 |
Код отношения |
Лирик |
| 4 |
Код отношения |
520 |
| 702 |
Вторичная интеллектуальная ответственность |
_1 |
| a |
Фамилия |
Подревский |
| b |
Имя |
К. |
| 4 |
Код отношения |
Лирик |
| 4 |
Код отношения |
520 |
| 702 |
Вторичная интеллектуальная ответственность |
_1 |
| a |
Фамилия |
Кондратьев |
| b |
Имя |
И .К |
| 4 |
Код отношения |
Лирик |
| 4 |
Код отношения |
520 |
| 702 |
Вторичная интеллектуальная ответственность |
_1 |
| a |
Фамилия |
Харито |
| b |
Имя |
Н. |
| 4 |
Код отношения |
Лирик |
| 4 |
Код отношения |
520 |
| 702 |
Вторичная интеллектуальная ответственность |
_1 |
| a |
Фамилия |
Шумский |
| b |
Имя |
В. |
| 4 |
Код отношения |
Лирик |
| 4 |
Код отношения |
520 |
| 702 |
Вторичная интеллектуальная ответственность |
_1 |
| a |
Фамилия |
Гребенка |
| b |
Имя |
Е. П. |
| 4 |
Код отношения |
Лирик |
| 4 |
Код отношения |
520 |
| 702 |
Вторичная интеллектуальная ответственность |
_1 |
| a |
Фамилия |
Есенин |
| b |
Имя |
С. А. |
| 4 |
Код отношения |
Лирик |
| 4 |
Код отношения |
520 |
| 702 |
Вторичная интеллектуальная ответственность |
_1 |
| a |
Фамилия |
Трефлев |
| b |
Имя |
А. |
| 4 |
Код отношения |
Лирик |
| 4 |
Код отношения |
520 |
| 702 |
Вторичная интеллектуальная ответственность |
_1 |
| a |
Фамилия |
Котляревская |
| b |
Имя |
Т. К. |
| 4 |
Код отношения |
Лирик |
| 4 |
Код отношения |
520 |
| 702 |
Вторичная интеллектуальная ответственность |
_1 |
| a |
Фамилия |
Некрасов |
| b |
Имя |
Н. А. |
| 4 |
Код отношения |
Лирик |
| 4 |
Код отношения |
520 |
| 702 |
Вторичная интеллектуальная ответственность |
_1 |
| a |
Фамилия |
Державин |
| b |
Имя |
Г. Р. |
| 4 |
Код отношения |
Лирик |
| 4 |
Код отношения |
520 |
| 702 |
Вторичная интеллектуальная ответственность |
_1 |
| a |
Фамилия |
Козлов |
| b |
Имя |
И. И. |
| 4 |
Код отношения |
Лирик |
| 4 |
Код отношения |
520 |
| 702 |
Вторичная интеллектуальная ответственность |
_1 |
| a |
Фамилия |
Лавров |
| b |
Имя |
П. Л. |
| 4 |
Код отношения |
Лирик |
| 4 |
Код отношения |
520 |
| 702 |
Вторичная интеллектуальная ответственность |
_1 |
| a |
Фамилия |
Садовников |
| b |
Имя |
Д. Н. |
| 4 |
Код отношения |
Лирик |
| 4 |
Код отношения |
520 |
| 702 |
Вторичная интеллектуальная ответственность |
_1 |
| a |
Фамилия |
Лермонтов |
| b |
Имя |
М. Ю. |
| 4 |
Код отношения |
Лирик |
| 4 |
Код отношения |
520 |
| 702 |
Вторичная интеллектуальная ответственность |
_1 |
| a |
Фамилия |
Калабин |
| b |
Имя |
Р. |
| 4 |
Код отношения |
Лирик |
| 4 |
Код отношения |
520 |
| 702 |
Вторичная интеллектуальная ответственность |
_1 |
| a |
Фамилия |
Пугачев |
| b |
Имя |
А. А. |
| 4 |
Код отношения |
Лирик |
| 4 |
Код отношения |
520 |
| 702 |
Вторичная интеллектуальная ответственность |
_1 |
| a |
Фамилия |
Юрьев |
| b |
Имя |
Е. |
| 4 |
Код отношения |
Лирик |
| 4 |
Код отношения |
520 |
| 702 |
Вторичная интеллектуальная ответственность |
_1 |
| a |
Фамилия |
Бешенцов |
| b |
Имя |
А. Н. |
| 4 |
Код отношения |
Лирик |
| 4 |
Код отношения |
520 |
| 702 |
Вторичная интеллектуальная ответственность |
_1 |
| a |
Фамилия |
Шишкин |
| b |
Имя |
Н. |
| 4 |
Код отношения |
Лирик |
| 4 |
Код отношения |
520 |
| 702 |
Вторичная интеллектуальная ответственность |
_1 |
| a |
Фамилия |
Макаров |
| b |
Имя |
И. П. |
| 4 |
Код отношения |
Лирик |
| 4 |
Код отношения |
520 |
| 702 |
Вторичная интеллектуальная ответственность |
_1 |
| a |
Фамилия |
Сологуб |
| b |
Имя |
В. А. |
| 4 |
Код отношения |
Лирик |
| 4 |
Код отношения |
520 |
| 702 |
Вторичная интеллектуальная ответственность |
_1 |
| a |
Фамилия |
Ленский |
| b |
Имя |
Д. Т. |
| 4 |
Код отношения |
Лирик |
| 4 |
Код отношения |
520 |
| 702 |
Вторичная интеллектуальная ответственность |
_1 |
| a |
Фамилия |
Пушкин |
| b |
Имя |
А. С. |
| 4 |
Код отношения |
Лирик |
| 4 |
Код отношения |
520 |
| 702 |
Вторичная интеллектуальная ответственность |
_1 |
| a |
Фамилия |
Макаров |
| b |
Имя |
И. |
| 4 |
Код отношения |
Лирик |
| 4 |
Код отношения |
520 |
| 702 |
Вторичная интеллектуальная ответственность |
_1 |
| a |
Фамилия |
Гурилев |
| b |
Имя |
А. |
| 4 |
Код отношения |
Композитор |
| 4 |
Код отношения |
230 |
| 702 |
Вторичная интеллектуальная ответственность |
_1 |
| a |
Фамилия |
Герман |
| b |
Имя |
П. Д. |
| 4 |
Код отношения |
Лирик |
| 4 |
Код отношения |
520 |
| 702 |
Вторичная интеллектуальная ответственность |
_1 |
| a |
Фамилия |
Козлов |
| b |
Имя |
П. А. |
| 4 |
Код отношения |
Лирик |
| 4 |
Код отношения |
520 |
| 702 |
Вторичная интеллектуальная ответственность |
_1 |
| a |
Фамилия |
Чуевский |
| b |
Имя |
В. П. |
| 4 |
Код отношения |
Лирик |
| 4 |
Код отношения |
520 |
| 702 |
Вторичная интеллектуальная ответственность |
_1 |
| a |
Фамилия |
Бакалейников |
| b |
Имя |
А. |
| 4 |
Код отношения |
Композитор |
| 4 |
Код отношения |
230 |
| 702 |
Вторичная интеллектуальная ответственность |
_1 |
| a |
Фамилия |
Кусиков |
| b |
Имя |
А. |
| 4 |
Код отношения |
Лирик |
| 4 |
Код отношения |
520 |
| 801 |
Источник записи |
_0 |
| a |
Страна |
RU |
| b |
Организация |
Муниципальное бюджетное учреждение культуры "Централизованная библиотечная система" г. Сургут (Центральная городская библиотека им. А. С. Пушкина) |
| g |
Правила каталогизации |
КиК/Поспелова |
| 801 |
Источник записи |
_1 |
| a |
Страна |
RU |
| b |
Организация |
Муниципальное бюджетное учреждение культуры "Централизованная библиотечная система" г. Сургут (Центральная городская библиотека им. А. С. Пушкина) |
| g |
Правила каталогизации |
КиК/Поспелова |
| 852 |
Данные о местонахождении |
__ |
| j |
Шифр хранения |
85.94я438 |
| c |
Каталожный индекс |
85.94я438 |
| i |
Авторский знак |
С 73 |
| 901 |
Тип документа |
1_ |
| t |
Тип документа |
x |
| 903 |
Характеристики (МАРС) |
__ |
| a |
Дата передачи |
20061018 |
| 969 |
Тип издания |
__ |
| a |
Тип издания |
песенник; сборник |
| 990 |
Данные о заказе (DOS) |
__ |
| j |
Количество экземпляров (DOS) |
1 |
| t |
N записи в КСУ для И/У (DOS) |
200611 |